| 000 | 00328nam a2200121 4500 | ||
|---|---|---|---|
| 999 |
_c11811 _d11811 |
||
| 003 | OSt | ||
| 005 | 20230728173156.0 | ||
| 008 | 230728b ||||| |||| 00| 0 eng d | ||
| 245 | _aA text book on elements of civil engineering mechanics | ||
| 260 |
_aNew Delhi _bNew age international publishers |
||
| 300 | _a253p; | ||
| 942 | _2ddc | ||